Sustaining Global Surveillance and Response to Emerging Zoonotic Diseases : (Record no. 617388)

MARC details
000 -LEADER
fixed length control field 00566nam a2200193 a 4500
008 - FIXED-LENGTH DATA ELEMENTS--GENERAL INFORMATION
fixed length control field 260310s2010##################000#0#eng##
020 ## - INTERNATIONAL STANDARD BOOK NUMBER
ISBN 9780309137348
082 04 - DEWEY DECIMAL CLASSIFICATION NUMBER
Classification number 362.196959
Item number KEU
100 1# - MAIN ENTRY--AUTHOR NAME
Personal name Council, National Research,
245 10 - TITLE STATEMENT
Title Sustaining Global Surveillance and Response to Emerging Zoonotic Diseases :
260 ## - PUBLICATION, DISTRIBUTION, ETC. (IMPRINT)
Name of publisher National Academies Press,
Year of publication 2010.
300 ## - PHYSICAL DESCRIPTION
Number of Pages 339 pages
650 #0 - SUBJECT ADDED ENTRY--TOPICAL TERM
Topical Term Medical.
942 ## - ADDED ENTRY ELEMENTS (KOHA)
Koha item type English Books
Holdings
Withdrawn status Lost status Damaged status Not for loan Home library Current library Shelving location Date acquired Full call number Accession Number Price effective from Koha item type
        Anna Centenary Library Anna Centenary Library 4TH FLOOR, A WING 10.03.2026 362.196959 KEU 331985 10.03.2026 English Books

Find us on the map